LEADER 02217nam a2200409 a 4500 001 000000141758 003 CaOOAMICUS 005 20150211140424.0 008 150211r20141921it u000 u ita r 020 $a978-88-209-9392-4 040 $aPUL$bita 082 04$a270.82 100 1 $aQuirico, Giuseppe,$cS.I.$0(OLS)http://pul/name/19046 245 13$aIl Vaticano e la guerra :$biniziative diplomatiche umanitarie di indole generale del S. Padre Benedetto XV /$ccontributi storici del p. Giuseppe Quirico S. I. ; compilati col sussidio degli archivi della Segreteria di Stato di S.S. e largamente documentati. 260 $aRoma :$bL. Buffetti,$c1921$a[Cittą del Vaticano] :$bLibreria editrice vaticana,$c2014. 300 $aXV, 536 p. ;$c20 cm 500 $aIn testa alla cop.: Pontificio Comitato di Scienze Storiche. 600 04$aBenedictus PP.$bXV,$d1854-1922.$0(OLS)http://pul/subject/7155 610 14$aSanta Sede$xStoria$y1914-1918.$0(OLS)http://pul/subject/14085 650 4$aGuerra mondiale, 1914-1918.$0(OLS)http://pul/subject/44151 650 4$aChiesa$xStoria$ySec. XX.$0(OLS)http://pul/subject/23367 710 2 $aPontificio Comitato di scienze storiche.$0(OLS)http://pul/name/5031 850 $aPUL 852 $aPUL$W1$xSL Religione 3$y85$m270. 82 QUIGI 1$j163595$aRist. anast. dell'ed. del 1921$qDDC 21$B163594$CPULBib$Z2$F163594 $H125378 $82 941 1 $a9 960 $aPapi (1914-1922 : Benedictus PP. XV)$97155 960 $aPapi (1914-1922 : Benedictus PP. XV)$97155 960 $aBenedetto$bXV,$cpapa,$d1854-1922$97155 960 $aDella Chiesa, Giacomo,$d1854-1922$97155 960 $aGuerra europea, 1914-1918$944151 960 $aPrima guerra mondiale$944151 996 $6020$a978-88-209-9392-4$9(OLS)http://pul/number/156934 996 $6082$a270.82$9(OLS)http://pul/classification/2732 996 $6245$aIl Vaticano e la guerra :$biniziative diplomatiche umanitarie di indole generale del S. Padre Benedetto XV$9(OLS)http://pul/title/31275 996 $6260$aRoma :$bL. Buffetti$9(OLS)http://pul/publisher/57615 996 $6260$a[Cittą del Vaticano] :$bLibreria editrice vaticana$9(OLS)http://pul/publisher/49159 LEADER 01281cam a22003134a 4500 001 000000118693 003 CaOOAMICUS 005 20091209163904.0 008 091209t2006 it af b 000 0 ita r 020 $a88-420-8031-4 040 $aPUL$bita$dReb 041 1 $aita$heng 100 1 $aBeard, Mary.$0(OLS)http://pul/name/74102 240 10$aParthenon$lItaliano.$0(OLS)http://pul/title/149375 245 13$aIl Partenone /$cMary Beard ; traduzione di Barbara Gregori. 260 $aRoma ;$aBari :$bLaterza,$c©2006. 300 $a199 p. :$bill. ;$c21 cm. 490 1 $aEconomica Laterza ;$v399 504 $aBibliografia in nota. 650 4$aArchitettura greca.$0(OLS)http://pul/subject/3751 651 4$aPartenone (Athenai).$0(OLS)http://pul/subject/36058 700 1 $aGregori, Barbara.$0(OLS)http://pul/name/74152 830 0$aEconomica Laterza ;$v399.$0(OLS)http://pul/title/39309 850 $aPUL 852 $aPUL$W1$xSL Cons. Gen., Altre Classi 3$y75$m722 BEAMA 1$j136185$qDDC 21$B135171$CPULBib$Z2$F135171 $H111759 $82 941 1 $a9 996 $6020$a88-420-8031-4$9(OLS)http://pul/number/142753 996 $6245$aIl Partenone$9(OLS)http://pul/title/149374 996 $6260$aRoma ;$aBari :$bLaterza$9(OLS)http://pul/publisher/57682